00306nam a2200121Ia 4500003000400000005001700004008004100021020001900062040002800081100001500109245003900124260002100163OSt20240322125034.0170523s9999 xx 000 0 und d a978-9390113255 cIIMT UNIVERSITY, MEERUT aAPTE, P.G. 0aINTERNATIONAL FINANCIAL MANAGEMENT bTata McGraw Hill